000 00523nam a2200169 4500
001 122122
003 ES-MaACL
005 20230906191919.0
007 t|
008 070214s1968 sp r ||||1| spa d
100 1 _aPottier, Bernard.
_993399
245 1 0 _aLingüística moderna y filología hispánica /
_cBernard Pottier ; versión de Martín Blanco Alvarez.
260 _aMadrid :
_bGredos,
_c1968.
300 _a246 p. ;
_c20 cm.
700 1 _aBlanco Alvarez, Martín.
_929218
852 _aES-MaACL
_jG-3926
_bR.66002
999 _c122122
_d122122